000
00320nam a22001337a 4500
020
_a
978-1-84255-132-5
082
_a
823
_b
SIM/H
100
_a
FRANCESCA SIMON
245
_a
HORRID HENRY ROBS THE BANK
260
_a
UNITED KINGDOM
_b
ORION
_c
2008
300
_a
95
650
_a
CHILDRENS STORY BOOK
_z
UNITED KINGDOM
942
_c
BK
999
_c
62
_d
62